Monitorovanie radiačnej situácie v životnom prostredí : Diplomová práca

Salvato in:
Dettagli Bibliografici
Autore principale: Mutný, Rastislav (Autore)
Altri autori: Morávek, Jozef (xxx)
Natura: Manoscritto Libro
Lingua:slovacco
Pubblicazione: Trnava : STU v Bratislave MtF KPE, 1998
Soggetti:
Tags: Aggiungi Tag
Nessun Tag, puoi essere il primo ad aggiungerne!!

MARC

LEADER 00000ntm a22000003a 4500
001 stu142439
005 20160719155557.9
008 070615s1998----xo------------------slo-d
040 |a STU  |b slo 
041 0 |a slo 
044 |a xo 
100 1 |a Mutný, Rastislav  |4 aut 
245 1 |a Monitorovanie radiačnej situácie v životnom prostredí :  |b Diplomová práca 
260 |a Trnava :  |b STU v Bratislave MtF KPE,  |c 1998 
300 |a 55 s 
650 7 |a environmentálne inžinierstvo  |2 stusub 
650 7 |a radiácia  |2 stusub 
650 7 |a životné prostredie  |2 stusub 
700 1 |a Morávek, Jozef  |4 xxx